Wird geladen...

Mein kampf /

Bibliographische Detailangaben
1. Verfasser: Hitler, Adolf
Format: Printed Book
Sprache:Malayalam
Veröffentlicht: Kozhikode : Pappion , 2008.
LEADER 00498nam a2200145Ia 4500
008 150624b xxu||||| |||| 00| | mal d
082 |a 923.143H 
100 |a Hitler, Adolf 
245 |c Adolf Hitler  |a Mein kampf / 
260 |a Kozhikode :  |b Pappion ,  |c 2008. 
300 |a 338 p. 
546 |a In Malayalam. 
942 |c BK 
999 |c 86055  |d 86055 
952 |0 0  |1 0  |2 ddc  |4 0  |6 923_000000000000000_143H_HIT_M_M  |7 0  |9 85999  |a UL  |b UL  |c ST1  |d 2009-04-21  |e OLI   |l 52  |m 6  |o 923.143H HIT/ M M  |p 83852  |r 2021-07-08  |s 2021-04-26  |v 80.00  |y BK